LEADER 00989nam a2200253 i 4500 001 000000122543 003 CaOOAMICUS 005 20040205000000.0 008 040205s1980 it u000 u ita u 013 $a95238 040 $aSeMil$bita 100 1 $aDe Felice, Franco.$0(OLS)http://semarc/name/50949 245 12$aL'età giolittiana /$cFranco De Felice. 260 $aTorino :$bLoescher,$ccopyr. 1980. 300 $a318 p. ;$c22 cm. 490 0 $aDocumenti della Storia ;$v27 500 $aContiene : Cronologia. 600 14$aGiolitti, Giovanni <1842-1928>.$0(OLS)http://semarc/subject/13623 830 0$aDocumenti della storia [Loescher] ;$v27.$0(OLS)http://semarc/title/419542 850 $aSeMil 852 $aSeMil$W1$xVenegono$y1$m202 5 27 *$j77503$B77503$CSeMilBibl$Z2$F79494 $81 961 $aRecupero: Biblioteca Seminario Liceale 996 $6245$aL'età giolittiana$9(OLS)http://semarc/title/180492 996 $6260$aTorino :$bLoescher$9(OLS)http://semarc/publisher/30450 LEADER 01358nam a2200325 i 4500 001 000000126749 003 CaOOAMICUS 005 20181008155925.0 008 060131s1987 it u000 u ita u 013 $a99457 020 $a88-350-7363-4 040 $aSeMil$bita 100 1 $aCorradini, Luciano <1935- >.$0(OLS)http://semarc/name/36183 245 10$aEducare nella scuola :$bcultura - comunità - curricolo /$cLuciano Corradini. 250 $a3. ed. 260 $aBrescia :$bLa Scuola,$c1987. 300 $a272 p. ;$c20 cm. 490 0 $aPedagogia e scuola 500 $aIn occhietto : Dedica autografa dell'Aut. - Fondo Card. C.M. Martini. 650 4$aEducazione scolastica - Problemi e metodi.$0(OLS)http://semarc/subject/14620 650 4$aPsicologia educativa e curricolo .$0(OLS)http://semarc/subject/24810 830 0$aPedagogia e scuola.$0(OLS)http://semarc/title/6787 850 $aSeMil 852 $aSeMil$W1$xVenegono$y1$m2Q I 78$j81104$B81104$CSeMilBibl$Z2$F108507 $81 941 1 $a4 961 $aOmaggio: Martini Card. Carlo Maria 996 $6020$a88-350-7363-4$9(OLS)http://semarc/number/113006 996 $6245$aEducare nella scuola :$bcultura - comunità - curricolo$9(OLS)http://semarc/title/186961 996 $6260$aBrescia :$bLa Scuola$9(OLS)http://semarc/publisher/29831